000 01578cam a22004694i 4500
003 PE-LiUPU
005 20250731184533.0
008 150623s r 000 0 d
020 _a0195056671
035 _a(Sirsi) i9780195056679
040 _aPE-LiUPU
_bspa
_cPE-LiUPU
_erda
049 _aPRUA
082 0 4 _a909.098 22
_bS78
_221
100 1 _aStarr, Chester G.,
_eautor.
245 1 4 _aThe influence of sea power on ancient history.
264 1 _aNew York, NY :
_bOxford University Press,
_c1989.
300 _a105 páginas :
_bilustraciones mapas ;
_c21 centímetros
336 _atext
_2rdacontent
337 _aunmediated
_2rdamedia
338 _avolume
_2rdacarrier
504 _aIncluye bibliografía.
505 0 _aShips and seas. -Prelude to thalassocracy. -Athens on the sea. -The age of monster fleets. -The Roman imperial peace.
526 _aP136
526 _aP135
526 _aP134
526 _aP133
526 _aP144
526 _aP143
526 _aP87
526 _aP35
526 _aP20
526 _aP14
526 _aP10
526 _aP06
650 0 4 _aREGION MEDITERRANEA
_xHISTORIA NATURAL.
942 _2ddc
_cBOOK
949 _a909.098 22 S78
_wDEWEY
_c1
_i47266
_lCCODEBUL1
_mBUL
_r0
_sY
_tBOOK
_u2015-6-24
_xTEOLOGIA
_PP35
_0COMPRA
_o.STAFF. Colección General
994 _aC0
_bPEPRU
596 _a1
999 _a909.098 22 S78
_wDEWEY
_c23810
_i47266
_f2021-11-11
_g5
_lCCODEBUL1
_mBUL
_r0
_sY
_tBOOK
_u2015-6-24
_xTEOLOGIA
_PP35
_0COMPRA
_o.STAFF. Colección General
_d23810
980 _81
_gALBERTO SANCHEZ Responsable de Automatización